000 03257nam a2200445 i 4500
001 000045045
003 DO-SdBNP
005 20231206090008.0
007 ta
008 150130s2007 cu a 000 j spa d
020 _a9789592097681
040 _aDO-SdBNP
_bspa
_cBNPHU
_erda
082 4 _222
245 0 0 _aAntología de cuentos infantiles :
_bCuba-República Dominicana. /
_cedición, Thelma Jiménez Santos ; ilustraciones, Alexis Lago... [et.al].
264 _aSanto Domingo :
_bUnión,
_c2007.
300 _a159 páginas :
_bilustraciones ;
_c23 cm.
336 _2rdacontent
_atexto
_btxt
337 _2rdamedia
_asin mediación
_bn
338 _2rdacarrier
_avolumen
_bnc
490 1 _aDienteLeche
500 _aIncluye datos biografícos de los autores y de los ilustradores
505 0 _aMonstruosi--
_gEnrique Pérez Díaz--
_tEl sueño de Penélope--
_gEleanor Grimaldi silié--
_tUn lugar posible--
_gOlga Marta Pérez--
_tEl día en que dos ciudades contrarias descubrieron que eran hermanas--
_gMargarita Luciano-
_t¡Oigo! ¿habla migue?--
_gEnid Vian--
_tEl ramageo--
_gBrunilda Contreras--
_tFoto de familia--
_gOmar Felipe Mauri--
_tTimo, el dinosaurio--
_gAída Bonnelly de Díaz--
_tEl cuento de Pomponio pepino--
_gJulia Calzadilla Nuñez--
_tHistoria de niña Flor--
_gMarcio Veloz Maggiolo
_tUn animal musical--
_gIvette Vian Altarriba--
_tVuelo de amigos--
_gAída Bonnelly de Díaz--
_tCarmelo, el bombero--
_gLucía Amelia Cabral--
_tLa perdida por la ganada o el cambio del niño por la vaca--
_gAlbertico Yánez--
_tOfidia una culebra feliz--
_gLorelay Carrón--
_tBili va de paseo--
_gMagaly Sánchez--
_tLa aventura de Juan Javier--
_gEleanor Grimaldi--
_tEl rey ratón--
_gTeresa Cárdenas--
_tBajo el resplandor de la luna--
_gLorelay Carrón--
_tEl viaje de Mico--
_gEsther Suárez Durán--
_tSueño en una noche de verano--
_gNelson Simón--
_tHistoria del cíclope ratón y su amigo el bufón--
_gLeibi NG--
_tLa ciguapita--
_gAidita Selman--
_tBernardino--
_gFelipe J. Oliva Alicea--
_tPez bobo y Quijotín en busca de la ciudad perdida--
_gCésar Sánchez Beras--
_tEl último diente de leche--
_gJosé M. Espino--
_tLa lucígola--
_gReynaldo Disla--
_tLa familia del señor y la señora Lechuza--
_gCelima Bernal García--
_tEl capitán de las arenas--
_gLuis Carlos Suárez--
_tHojas y plumas--
_gLuis Martín Gómez--
_tOgrito Feliz--
_gKarina Ubiñas.
590 _aInventariado, 2023/BT
700 1 _aJiménez Santos, Thelma,
_eedición
_973041
700 1 _aLago, Alexis,
_eilustraciones
_973042
700 1 _aGonzález Giménez, Miriam,
_eilustraciones
_973043
700 1 _aBestard Cruz, Luis,
_eilustraciones
_973044
700 1 _aIglesias Segrera, Rubén A.,
_eilustraciones
_973045
700 1 _aDuarte, Elio,
_eilustraciones
_973046
700 1 _aSarmiento, Eduardo,
_eilustraciones
_973047
700 1 _aFernández Pérez, Nidia,
_eil.}ustraciones
_973048
700 1 _aMiari Gutiérrez, Maritza,
_eilustraciones
_973049
700 1 _aSomonte, Alein,
_eilustraciones
_973050
700 1 _aPonce Sánchez, Nelson,
_eilustraciones
_973051
700 1 _aSarmiento, Eduardo,
_eilustraciones
_973047
700 1 _aSalgado Hurtado, Rosa,
_eilustraciones
_973052
700 1 _aAcosta, José Antonio,
_eilustraciones
_936192
910 _aBtavárez
942 _2ddc
_cLBS1
999 _c44534
_d44534